Corporate Cash Management Techniques and Analysis
Saved in:
| Other Authors: | |
|---|---|
| Format: | Book |
| Language: | English |
| Published: |
Homewood
Jones
1985
|
| Edition: | 1. ed. |
| Tags: |
No Tags, Be the first to tag this record!
|
MARC
| LEADER | 00000nam a2200000 4500 | ||
|---|---|---|---|
| 001 | c033303 | ||
| 005 | 20221220075152.1 | ||
| 041 | 0 | |a eng | |
| 044 | |a US | ||
| 245 | 1 | 0 | |a Corporate Cash Management |b Techniques and Analysis |c Edit. Frank J. Fabozzi |
| 250 | |a 1. ed. | ||
| 264 | 1 | |a Homewood |b Jones |c 1985 | |
| 300 | |a 373 s. | ||
| 700 | 1 | |a Fabozzi, Frank J. | |